000 00473nmm a2200169Ia 4500
008 251105s9999||||xx |||||||||||||||||und||
020 _a9788416375301
041 _aspa
100 _aSalgari, Emilio
245 0 _aLos pescadores de trepang
264 _a[Madrid, España] :
_bEditorial Minimal,
_c2015
300 _a128 páginas
490 _aGrandes clásicos
650 _aOther narratives
856 _uhttps://public.digitaliapublishing.com/a/40347
942 _cCF
999 _c77639
_d77639